000 00261nam a2200109Ia 4500
001 1276077
005 20260417160440.0
008 260417s9999 xx 000 0 und d
020 _a9786256126237
245 0 _aAlpkız
_cAyşegül Genç
260 _bKetebe Genç
999 _c1276077
_d1276077